Tratados de libre comercio con los Estados Unidos: ¿Qué implican para Latinoamérica? /
Guardado en:
| Autor principal: | |
|---|---|
| Otros Autores: | |
| Formato: | Texto |
| Materias: | |
| Etiquetas: |
Agregar Etiqueta
Sin Etiquetas, Sea el primero en etiquetar este registro!
|
MARC
| LEADER | 00000 a a2200000 04500 | ||
|---|---|---|---|
| 001 | 16141 | ||
| 003 | |||
| 040 | |||
| 100 | |a Erzan, Refik | ||
| 245 | |a Tratados de libre comercio con los Estados Unidos: |b ¿Qué implican para Latinoamérica? / |c Refik Erzan | ||
| 650 | |a ACUERDOS ECONOMICOS | ||
| 650 | |a LIBRE COMERCIO | ||
| 650 | |a GATT | ||
| 650 | |a LIBERALIZACION DEL INTERCAMBIO | ||
| 650 | |a ZONAS DE LIBRE COMERCIO | ||
| 650 | |a COMERCIO INTERNACIONAL | ||
| 650 | |a EXPORTACIONES IMPORTACIONES | ||
| 650 | |a ARANCELES | ||
| 650 | |a EXPORTACIONES | ||
| 650 | |a IMPORTACIONES | ||
| 700 | |a Yeats, Alexander | ||
| 773 | |g número 49; páginas 65-150 | ||
| 999 | |c 25546 |d 25546 | ||
